Les joueurs les plus utilisés par Manchester United - Statistiques

Statistiques générales
  • Ce quiz a été pris 77 fois
  • Le résultat moyen est 7 sur 10
Statistiques - réponses
Joueurs % Correct
5. Rashford
89%
2. Fernandes
86%
1. Onana
86%
10. Maguire
83%
7. Casemiro
76%
4. Garnacho
73%
3. Dalot
67%
6. Hojlund
65%
8. Mainoo
63%
9. Wan-Bissaka
52%
Aucun quiz correspondant
Distribution des résultats
% des personnes avec chaque résultat
Percentile par nombre de réponses
Votre historique - résultats
Vous n’avez pas pris ce quiz